000 00268nam a2200109Ia 4500
008 201217s9999 xx 000 0 und d
100 _aLong, Larry
245 0 _aManagement Information Systems
260 _aEnglewood Cliffs
_bPrentice Hall
300 _a363
942 _cBK
999 _c7879
_d7879